Toutes les Langues Romanes sur une carte - Statistiques

Statistiques générales
  • Ce quiz a été pris 27 293 fois
  • Le résultat moyen est 12 sur 27
Réponses sur la Carte
Les réponses sont colorées sur une échelle allant du rouge au vert en fonction du pourcentage des utilisateurs qui les ont devinées à leur premier essai. Vous pouvez retrouver ces pourcentages ci-dessous.
 
Statistiques - réponses
Sous-famille Dialecte de Locuteurs Langue / Dialecte % Correct
Ibéro-romanes - 489 m Espagnol
99%
Gallo-romanes - 76 m Français
99%
Italo-romanes - 65 m Italien
98%
Ibéro-romanes - 250 m Portugais
98%
Occitano-romanes - 4.0 m Catalan
90%
Thraco-romanes - 24 m Roumain
87%
Italo-romanes Italien 150 k Corse
81%
Gallo-romanes Français 50 k Normand
59%
Occitano-romanes Français 500 k Occitan
59%
Italo-romanes Italien 4.7 m Sicilien
55%
Gallo-romanes Français 200 k Picard
49%
Sarde - 1.3 m Sarde
47%
Ibéro-romanes - 2.4 m Galicien
40%
Gallo-romanes Français 600 k Wallon
40%
Rhéto-romanes - 44 k Romanche
37%
Gallo-romanes Français 140 k Franco-Provençal
32%
Italo-romanes Italien 5.7 m Napolitain
30%
Italo-romanes Italien 3.8 m Vénitien
24%
Italo-romanes Italien 500 k Ligure
22%
Italo-romanes Italien 3.6 m Lombard
21%
Italo-romanes Italien 1.6 m Piémontais
19%
Ibéro-romanes Espagnol 25 k Aragonais
11%
Rhéto-romanes - 600 k Frioulan
6%
Thraco-romanes - 114 k Aroumain
4%
Ibéro-romanes Espagnol 200 k Estrémègne
4%
Rhéto-romanes - 41 k Ladin
4%
Ibéro-romanes - 15 k Mirandais
4%
Aucun quiz correspondant
Distribution des résultats
% des personnes avec chaque résultat
Percentile par nombre de réponses
Votre historique - résultats
Vous n’avez pas pris ce quiz